Normal view
MARC view
- Arciniegas, Triunfo,
Entry Nombre Personal
001 - NUMERO DE CONTROL
- campo de control: 32433
003 - IDENTIFICADOR DE NUMERO DE CONTROL
- campo de control: UPN
005 - FECHA Y HORA DE LA ÜLTIMA TRANSACCIÓN
- campo de control: 20210219194433.0
008 - DATOS DE LONGITUD FIJA
- campo de control de longitud fija: nabaccnnaabn|||||||||| b |nc|||||d
035 ## - NUMERO DE CONTROL
- Número de control: UPN11000004540
040 ## - FUENTE DE CATALOGACIÓN
- Lenguaje de catalogación: SPA
- Agencia de transcripción: UPN
053 #4 - NÚMERO DE CLASIFICACIÓN LC
- Número de clasificación elemento-número único o número inicial de tramo: PQ8180.1 R3.4
100 1# - ENCABEZAMIENTO - NOMBRE PERSONAL
- Nombre personal: Arciniegas, Triunfo,
- Fechas asociadas con el nombre: 1957-
670 ## - FUENTE EN LA QUE SE LOCALIZARON DATOS
- Cita de la fuente: T
- Uniform Resource Identifier: http://www.cuatrogatos.org/entrevistatriunfoarciniegas.html
680 ## - NOTA PUBLICA DE ACCESO PÚBLICO
- Frase explicativa de la referencia: Escritor colombiano
902 ## - CATALOGADOR
- Catalogador: CAA/200812
